Dental Pulse (Record no. 20913)

MARC details
000 -LEADER
fixed length control field 00354nam a22001577a 4500
003 - CONTROL NUMBER IDENTIFIER
control field SGT
020 ## - INTERNATIONAL STANDARD BOOK NUMBER
International Standard Book Number 9788194699040
082 ## - DEWEY DECIMAL CLASSIFICATION NUMBER
Classification number 617.6
Item number D20R
100 ## - MAIN ENTRY--PERSONAL NAME
Personal name Satheesh Kumar Reddy
245 ## - TITLE STATEMENT
Title Dental Pulse
250 ## - EDITION STATEMENT
Edition statement 40TH
260 ## - PUBLICATION, DISTRIBUTION, ETC. (IMPRINT)
Place of publication, distribution, etc NEW DELHI
Name of publisher, distributor, etc Swapna Medical Publisher
Year of Publication 2020
300 ## - PAGE DESCRIPTION
No. of Pages 1-1135
650 ## - SUBJECT ADDED ENTRY--TOPICAL TERM
Topical term or geographic name as entry element DENTISTRY
942 ## - ADDED ENTRY ELEMENTS (KOHA)
Source of classification or shelving scheme Dewey Decimal Classification
Koha item type Books
942 ## - ADDED ENTRY ELEMENTS (KOHA)
-- 148
Holdings
Withdrawn status Lost status Source of classification or shelving scheme Damaged status Not for loan Home library Current library Shelving location Date acquired Vendor Name Cost, normal purchase price Volume Information (Serial or Books or Non-Book Material) SGTU Bill Number Total Checkouts Full call number Accession No. (Barcode) Date last seen Date last borrowed Bill Date Koha item type Total Renewals
    Dewey Decimal Classification     SGT Dental Library SGT Dental Library Text Book 06/03/2021 AHUJA BOOK COMPANY 4900.00 1 SGTU 12616 13 617.6 D20R FD8313 23/07/2024 23/07/2024 27/01/2021 Books  
    Dewey Decimal Classification     SGT Dental Library SGT Dental Library Text Book 06/03/2021 AHUJA BOOK COMPANY 4900.00 1 SGTU 12616 22 617.6 D20R FD8314 11/01/2024 11/01/2024 27/01/2021 Books  
    Dewey Decimal Classification     SGT Dental Library SGT Dental Library Text Book 06/03/2021 AHUJA BOOK COMPANY 4900.00 1 SGTU 12616 9 617.6 D20R FD8315 20/06/2024 20/06/2024 27/01/2021 Books  
    Dewey Decimal Classification     SGT Dental Library SGT Dental Library Text Book 06/03/2021 AHUJA BOOK COMPANY 4900.00 2 SGTU 12616 25 617.6 D20R FD8316 30/07/2024 30/07/2024 27/01/2021 Books  
    Dewey Decimal Classification     SGT Dental Library SGT Dental Library Text Book 06/03/2021 AHUJA BOOK COMPANY 4900.00 2 SGTU 12616 15 617.6 D20R FD8317 29/07/2024 29/07/2024 27/01/2021 Books  
    Dewey Decimal Classification     SGT Dental Library SGT Dental Library Text Book 06/03/2021 AHUJA BOOK COMPANY 4900.00 2 SGTU 12616 15 617.6 D20R FD8318 24/04/2024 24/04/2024 27/01/2021 Books  
    Dewey Decimal Classification     SGT Dental Library SGT Dental Library Text Book 06/03/2021 AHUJA BOOK COMPANY 4900.00 3 SGTU 12616 16 617.6 D20R FD8319 09/11/2023 09/11/2023 27/01/2021 Books  
    Dewey Decimal Classification     SGT Dental Library SGT Dental Library Text Book 06/03/2021 AHUJA BOOK COMPANY 4900.00 3 SGTU 12616 31 617.6 D20R FD8320 03/06/2026 03/06/2026 27/01/2021 Books  
    Dewey Decimal Classification     SGT Dental Library SGT Dental Library Text Book 06/03/2021 AHUJA BOOK COMPANY 4900.00 3 SGTU 12616 22 617.6 D20R FD8321 13/10/2023 13/10/2023 27/01/2021 Books 1